| 000 | 00307nam a2200121Ia 4500 | ||
|---|---|---|---|
| 008 | 240731s9999 xx 000 0 und d | ||
| 022 | _a2415-5152 | ||
| 245 | 0 | _aResearch in Hospitality Management | |
| 260 | _bRoutledge | ||
| 856 | _uhttps://www.tandfonline.com/loi/rrhm20 | ||
| 942 | _2ddc | ||
| 942 | _cTFEJ | ||
| 999 |
_c79212 _d79212 |
||
| 945 |
_a1 _bMadushi Gamage _c1 _dMadushi Gamage |
||